Applied natural language processing: identification, investigation, and resolution
Uloženo v:
| Hlavní autoři: | , |
|---|---|
| Médium: | Kniha |
| Jazyk: | angličtina |
| Vydáno: |
Information Science Reference
2012
|
| Edice: | Premier Reference Source
|
| Témata: | |
| Tagy: |
Přidat tag
Žádné tagy, Buďte první, kdo vytvoří štítek k tomuto záznamu!
|
MARC
| LEADER | 00000cam a2200000 a 4500 | ||
|---|---|---|---|
| 001 | UCG8724 | ||
| 003 | CL-VaPUC | ||
| 008 | 111229e20120000US |||||||||||||||||eng|d | ||
| 020 | |a 9781609607418 | ||
| 082 | 0 | 4 | |a 006.35 |b MCC |2 21 |
| 100 | |a McCarthy, Philip M. |e autor |9 622002 | ||
| 700 | 0 | |a Boonthum-Denecke, Chutima |e author |9 559846 | |
| 245 | 1 | 0 | |a Applied natural language processing: identification, investigation, and resolution |
| 300 | |a 621 p | ||
| 942 | |c BK | ||
| 945 | |d 20111229 00:00:00 |a cmena | ||
| 260 | |b Information Science Reference |c 2012 | ||
| 650 | 0 | |a Lenguaje natural |9 421363 | |
| 650 | 0 | |a Procesamiento del lenguaje |9 559847 | |
| 650 | 0 | |a Análisis del discurso |9 256696 | |
| 650 | 0 | |a Programación de computadores |9 259531 | |
| 650 | 7 | |a LINGUISTICA COMPUTACIONAL |2 CL-VaPUC |9 559848 | |
| 583 | |a last modification |c 20111229 10:48:00 |k Rodrigo Vera | ||
| 490 | 0 | |a Premier Reference Source | |
| 999 | |c 346322 |d 346320 | ||
| 952 | |0 0 |1 0 |4 0 |6 006_350000000000000_MCC_2012 |7 0 |8 A |9 446980 |a FDOPOS |b FDOPOS |d 2019-11-22 |i 4819845 |o 006.35 MCC 2012 |p 4819845 |r 2025-01-22 |w 2019-11-22 |y BK |k DLA | ||